书目信息 |
| 题名: |
社区康复的中国实践
|
|
| 作者: | ;中国康复研究中心 , 中国残联社会服务指导中心 , 国际助残联盟法国北京代表处 主编 | |
| 分册: | ||
| 出版信息: | 北京 华夏出版社 2018.03 |
|
| 页数: | 171页 | |
| 开本: | 26cm | |
| 丛书名: | ||
| 单 册: | ||
| 中图分类: | R197.1 | |
| 科图分类: | ||
| 主题词: | 社区服务--she qu fu wu--康复服务--研究--中国 | |
| 电子资源: | ||
| ISBN: | 978-7-5080-9275-1 | |
| 000 | 01215nam0 2200265 450 | |
| 001 | 0104125643 | |
| 005 | 20201104125714.0 | |
| 010 | @a978-7-5080-9275-1@dCNY69.00 | |
| 100 | @a20181010d2018 em y0chiy50 ea | |
| 101 | 0 | @achi |
| 102 | @aCN@b110000 | |
| 105 | @ay z 000yy | |
| 106 | @ar | |
| 200 | 1 | @a社区康复的中国实践@Ashe qu kang fu de zhong guo shi jian@dMaking it work@eCBR good practices in China@f中国康复研究中心, 中国残联社会服务指导中心, 国际助残联盟(法国)北京代表处主编@zeng |
| 210 | @a北京@c华夏出版社@d2018.03 | |
| 215 | @a171页@d26cm | |
| 330 | @a本书主要分为五章,从个体赋能、群体赋能、社区动员、项目管理,以及融合与倡导方面,介绍了社区康复实施过程中的典型案例,从中总结了社区康复的实践经验。 | |
| 510 | 1 | @aMaking it work@eCBR good practices in China@zeng |
| 606 | 0 | @a社区服务@Ashe qu fu wu@x康复服务@x研究@y中国 |
| 690 | @aR197.1@v5 | |
| 711 | 02 | @a中国康复研究中心@Azhong guo kang fu yan jiu zhong xin@4主编 |
| 711 | 02 | @a中国残联社会服务指导中心@Azhong guo can lian she hui fu wu zhi dao zhong xin@4主编 |
| 711 | 02 | @a国际助残联盟法国北京代表处@Aguo ji zhu can lian meng fa guo bei jing dai biao chu@4主编 |
| 801 | 0 | @aCN@bBJSZM@c20201104 |
| 905 | @b1261734-7@dR197.1@e282@f4 | |
| 社区康复的中国实践=Making it work:CBR good practices in China/中国康复研究中心, 中国残联社会服务指导中心, 国际助残联盟(法国)北京代表处主编.-北京:华夏出版社,2018.03 |
| 171页;26cm |
| ISBN 978-7-5080-9275-1:CNY69.00 |
| 本书主要分为五章,从个体赋能、群体赋能、社区动员、项目管理,以及融合与倡导方面,介绍了社区康复实施过程中的典型案例,从中总结了社区康复的实践经验。 |
| ● |
| 相关链接 |
|
|
|
|
正题名:社区康复的中国实践
索取号:R197.1/282
 
预约/预借
| 序号 | 登录号 | 条形码 | 馆藏地/架位号 | 状态 | 备注 |
| 1 | 1261734 | 212617346 | 第二样本阅览室/ [索取号:R197.1/282] | 在馆 | |
| 2 | 1261735 | 212617355 | 教育系资料室/ [索取号:R197.1/282] | 在馆 | |
| 3 | 1261736 | 212617364 | 教育系资料室/ [索取号:R197.1/282] | 在馆 | |
| 4 | 1261737 | 212617373 | 第三借阅区/ [索取号:R197.1/282] | 在馆 |